000 00455nam a2200157 a 4500
001 000017734
005 20200929165218.0
008 100331s2005 dr a 000 0 spa d
040 _aDO-SdBNP
_bspa
_cBNPHU
082 _axxxx
_bK82c
100 1 _aKonki, la payasita
_938589
245 1 0 _aCómo llegar de la pobreza a la riqueza /
_cDigna Cabrera Polanco.
260 _aSanto Domingo :
_b[s.n.],
_c2005.
300 _a55 p. :
_bil. ;
_c18 cm.
049 _aBNPD
999 _c17259
_d17259